000 00547nam a2200181Ia 4500
003 OSt
005 20200811095556.0
008 190216s9999||||xx |||||||||||||| ||und||
020 _a9788120701014
040 _coclc
082 _a370.78
_bSID/M
100 _aSidhu, Kulbir Singh
_94034
245 0 _aMethodology Of Research In Education /
_cKulbir Singh Sidhu
260 _bSterling Publications,
_c2003.
_aNew Delhi:
300 _a308p
650 _aResearch Methodology
942 _cBK
_2ddc
_h370.78
_iSID/M
_k370.78
_mSID/M
999 _c6645
_d6645